000 01019cam a22003138a 4500
001 32625446
003 OCoLC
005 20180420135639.0
008 950512s1995 flu j 000 0 eng
010 _a95020190 /AC
020 _a1571031146
020 _a9781571031143
040 _aDLC
_cDLC
_dJBO
_dCNL
_dCoBoFLC
041 _aspa
050 0 0 _aQM549
_b.J3618 1995
082 0 0 _a611/.98
_220
100 1 _aJames, Robert,
_d1942-
240 1 0 _aFeet.
_lSpanish.
245 0 4 _aLos pies /
_cpor Robert James ; version en espanol de Aida E. Marcuse.
260 _aVero Beach, Fla. :
_bRourke Book Co.,
_c1995.
300 _a24 p. :
_bcol. ill. ;
_c19 x 20 cm.
490 1 _aEl cuerpo humano.
520 _aDescribes the anatomy of human feet, explains how to care for the feet, and includes information on the feet of some animals.
650 0 _aFoot
_vJuvenile literature.
650 1 _aFoot.
655 1 _aSpanish language materials.
800 1 _aJames, Robert,
_d1942-
_tCuerpo humano.
942 _cBK
_2ddc
999 _c20675
_d20675